000 00449nam a2200193Ia 4500
001 11916
003 GE_BSU
008 181216s||||||||xx |||||||||||||| ||und||
040 _cGE_BSU
080 _a821.111-314
100 _aCharteris,Leslie
245 4 _aThe Happy Hichwayman:Unabridged.
260 _aLondon
260 _bPan Books LTD.
260 _c1959.
300 _a186p;18cm.
653 _aThe Happy Hichwayman:Unabridged.
942 _cBK
999 _c45093
_d45093